Les crǎnciers de la new money en droit OHADA

Bibliographic Details
Main Author: Belinga, Hervě Hanne Lora
Format: eBook
Published: Pars̕: Éditions Universitaires Europěnes, 2019
Subjects:
Online Access:Acceso restringido

MARC

LEADER 00000nam a22000007a 4500
005 20190930213151.0
007 cr|||| ||||
008 190930s2019 fr |||||s|||| 00||0 fra d
020 |a 9786138440123 
035 |a 25157 
040 |a vLex 
090 |c 9665  |d 9665 
100 1 |a Belinga, Hervě Hanne Lora 
245 1 3 |a Les crǎnciers de la new money en droit OHADA  |h [Recurso electrn̤ico] /  |c Hervě Hanne Lora Belinga 
256 |a Servicio en ln̕ea 
260 |a Pars̕:  |b Éditions Universitaires Europěnes,  |c 2019 
300 |a 1 recurso electrn̤ico 
500 |a Au lourd constat que de nombreuses entreprises en difficult ̌finissent par faire ± faillite » par manque de financement, ce d’autant plus que celle-ci a gňřalement pour cause l’p̌uisement de ses fonds propres, il ťait indiqu ̌de trouver des mčanismes pour le renflouement de leurs caisses. Dans ce sens, le nouveau droit OHADA des procďures collectives accorde un statut privilǧi ̌aux apporteurs de la ± new money ». Il entend ainsi favoriser le financement des entreprises en difficult.̌ Toutefois, bien que l'innovation du lǧislateur OHADA soit louable, le corpus de rg̈les juridiques, encadrant la protection des crǎnciers de la ± new money », consacr ̌par ce dernier semble incohřent. En effet, le rǧime juridique des crǎnciers de la ± new money » en droit OHADA sera confront ̌ ̉un champ d’application imprčis et ̉la mise en œuvre difficile et limitě du privilg̈e de ± new money ». L'auteur du pršent ouvrage a choisi d'effectuer une approche critique et prospective de cette innovation en droit OHADA. Cet ouvrage vise donc ̉ressortir les manquements du texte tout en y proposant des solutions. 
506 1 |a Disponible solo en los productos indicados  |d vLex Global  |d vLex Global (Academic Edition, excluding Law Schools)  |d vLex Global (U.S. Academic Edition, Law Schools)  |d vLex Global (U.S. Academic Edition, excluding Law Schools)  |d vLex Global (Academic Edition, Law Schools) 
650 0 4 |a Derecho Pb︢lico y Administrativo  |z Francia 
740 0 |a vLex Libros (Servicio en ln̕ea) 
856 4 0 |u http://vlex.com/source/25157  |z Acceso restringido 
942 |c BOOK 
999 0 |a Public and Administrative Law